William Burroughs : una biografia : la mappa di una scrittura /
I tiakina i:
| Kaituhi matua: | |
|---|---|
| Hōputu: | Pukapuka |
| Reo: | Itāriana |
| I whakaputaina: |
Milano :
SugarCo,
1983
|
| Rangatū: | Tasco ;
75 |
| Ngā Tūtohu: |
Kāore He Tūtohu, Me noho koe te mea tuatahi ki te tūtohu i tēnei pūkete!
|
MARC
| LEADER | 00000nam a22000007i 4500 | ||
|---|---|---|---|
| 001 | IT\ICCU\CFI\0008070 | ||
| 003 | ItRI | ||
| 005 | 20260115232444.0 | ||
| 008 | 860213s1983 it |||||| ||||| |||||c | ||
| 040 | |b ita |c importazione bologna sebina | ||
| 041 | 7 | |a ita |2 ISO-639-2 | |
| 082 | |a 823.9 |9 NARRATIVA IN LINGUA INGLESE. 1900- |2 18 | ||
| 100 | 1 | |a Lemaire, Gérard Georges |0 IT\ICCU\CFIV\005501 |4 aut | |
| 240 | 1 | 3 | |a La machine à écrire molle. - |3 IT\ICCU\CFI\0008073 |9 Lemaire, Gérard Georges |
| 245 | 1 | 0 | |a William Burroughs : |b una biografia : la mappa di una scrittura / |c Gerard Georges Lemaire. |
| 260 | |a Milano : |b SugarCo, |c 1983 | ||
| 300 | |a 170 p. ; |c 20 cm. | ||
| 830 | 0 | |a Tasco ; |v 75 |0 IT\ICCU\CFI\0000467 | |
| 942 | |2 ddc |c BK |n 0 | ||
| 952 | |0 0 |1 0 |4 0 |6 DOC_810_992000000000000_LEM |7 0 |9 26076 |a BO |b BO |d 2026-01-15 |i 15624 |l 0 |o DOC 810.992 LEM |p BO15624 |r 2026-01-15 23:24:44 |w 2026-01-15 |x [Sebina 5] [1 v.] |y BK |z 1 v. (2. copia) | ||
| 952 | |0 0 |1 0 |4 0 |6 DOC_810_992000000000000_LEM |7 0 |9 26077 |a BO |b BO |d 2026-01-15 |i 5173 |l 0 |o DOC 810.992 LEM |p BO5173 |r 2026-01-15 23:24:44 |w 2026-01-15 |x [Sebina 5] [1 v.] |y BK |z 1 v. | ||
| 999 | |c 22073 |d 22073 | ||